Quiz o Cieszynie - Statystyki

Ogólne statystyki
  • Ten quiz został rozwiązany 33 razy
  • Średni wynik to 13 z 15
Statystyki odpowiedzi
Zagadnienie Odpowiedź % Poprawnych
Z którym krajem graniczy Cieszyn? Czechy
96%
Jak nazywa się rzeka, która przepływa przez Cieszyn? Olza
96%
W którym województwie leży Cieszyn? W województwie śląskim
96%
Co wyjątkowego znajduje się w Cieszynie? Jedno z najstarszych muzeów publicznych w Europie Środkowej
93%
W której części Polski znajduje się Cieszyn? południowej
93%
Na którym polskim banknocie widnieje słynna romańska rotunda z Cieszyna? 20 zł
89%
Jak nazywa się główna ulica handlowa w centrum Cieszyna? Głęboka
89%
Jakie wzgórze znajduje się w centrum Cieszyna i jest miejscem ważnych zabytków? Góra Zamkowa
89%
Które znane wydarzenie kulturalne odbywa się corocznie w Cieszynie? Kino na Granicy
89%
Który ród królewski lub książęcy miał swoją siedzibę na Zamku w Cieszynie? Habsburgowie
82%
Jak nazywa się teatr działający w Cieszynie? Teatr im. Adama Mickiewicza
82%
Które europejskie miasto było wzorem dla części Cieszyna, słynącej z malowniczych kanałów i mostków? Wenecja
82%
Barwy flagi Cieszyna są bardzo podobne do flagi którego z tych krajów? Armenia
64%
Która religia była szczególnie silna w Cieszynie w czasach reformacji? Luteranizm
57%
Która z wymienionych osób nie urodziła się w Cieszynie? Natalia Szroeder
57%
Nie znaleziono quizów pasujących do podanych kryteriów
Rozkład punktacji
Procent ludzi z każdym wynikiem
Percentyl według liczby udzielonych odpowiedzi
Twoja historia wyników
Nie rozwiązałeś tego quizu